Formulario para los expedientes administrativos de apremio / por H. Rossy
Descripción Física:
v. ; 24 cm
MARC
| LEADER | 00000nam a2200000Ia 4500 | ||
|---|---|---|---|
| 001 | 14053 | ||
| 008 | 160829s9999 xx 000 0 cat d | ||
| 080 | |a M-4-102 | ||
| 100 | |a Rossy, Hipólito |9 25586 | ||
| 245 | |a Formulario para los expedientes administrativos de apremio / por H. Rossy | ||
| 260 | |a Barcelona : |b Bosch, DL 1962 | ||
| 300 | |a v. ; |c 24 cm | ||
| 590 | |a Índex. | ||
| 590 | |a Publicació patrocinada per: Instituto de Especialidades Jurídicas | ||
| 650 | |a Impostos |x Recaptació |x Espanya |x Formularis |9 25587 | ||
| 866 | |a vbcrlfV. I | ||
| 901 | |a Arxiu | ||
| 942 | |n 1 | ||
| 952 | |0 0 |1 0 |4 0 |6 M4102 |7 1 |9 43687 |a Arxiu |b Arxiu |d 2016-12-01 |l 0 |o M-4-102 |p 14053 |r 2016-12-01 00:00:00 |w 2016-12-01 |y ARXIU | ||
| 999 | |c 46235 |d 46235 | ||